| 000 | 00598cam a2200205 a 4500 | ||
|---|---|---|---|
| 020 | _a1891888064 | ||
| 040 | _cJCV | ||
| 082 | 0 | 0 | _a428 SLA 2000 A022 Co. |
| 100 | 1 | _aBurke, David, | |
| 245 | 1 | 0 |
_aStreet speak 2 : _bcomplete course in American slang & idioms / |
| 246 | 3 | _aStreet speak two | |
| 246 | 3 | 4 | _aSlangman guide to street speak 2 |
| 260 |
_aStudio City, CA : _bSlangman Pub., _cc2000. |
||
| 300 |
_axi, 216 : _bill. ; _c28 cm. |
||
| 500 | _a"Self-teaching & classroom series." | ||
| 650 | 0 | _aEnglish language | |
| 650 | 0 | _aEnglish language | |
| 650 | 0 | _aAmericanisms. | |
| 942 | _cEK | ||
| 999 |
_c11826 _d11826 |
||